000 00372nam a2200133Ia 4500
008 230917s9999||||xx |||||||||||||| ||und||
040 _e97116
_aMAIN
041 _aEnglish
082 _a370 S23C
100 _aSharma, Anil
245 0 _aCase study of some bright students of rural area regarding low achievement at senior secondary level
300 _av. p.
942 _cTH
999 _c89054
_d89054